000 00276nam a2200109Ia 4500
008 220204s9999 xx 000 0 und d
082 _bPLA;1
245 0 _aPlantations labour act, 1951
260 _aNew Delhi
_bParliament
_c1960
650 _aPlantation labour act
942 _cBK
999 _c20681
_d20681